000 01583nam0a2200349 4500
001 RU\NLR\BIBL_A\010472722
005 20260408195231.0
010 _a978-5-91804-061-4
_9500
021 _aRU
_b2014-55181
_93330
035 _a(NLR Aleph) 010472722
035 _a(NILC)RuMoRGB-007527977
090 _a10028089
_c10028089
100 _a20141006d2014 k y0rusy50 ca
101 0 _arus
102 _aRU
105 _ay|||z||||||y|
200 1 _aИерархичность в обществе
_eмонография
_fК. Г. Рожко
_gМ-во культуры Российской Федерации, Федеральное гос. бюджетное образовательное учреждение высш. проф. образования "Тюменская гос. акад. культуры, искусств и социальных технологий"
210 _aТюмень
_cРИЦ ТГАКИиСТ
_d2014
215 _a83 с.
_cтабл.
_d21
320 _aБиблиогр.: с. 78-83 (73 назв.)
606 1 _aСоциальное неравенство
_xФилософские вопросы
_92181383
_3RU\NLR\AUTH\661311778
606 _aКлассы (соц.)
_xСоциально-философские вопросы
_3RU\NLR\AUTH\661389485
_92322701
686 1 _aС550.324.8
686 1 _aС550.321
686 1 _aЮ6
700 1 _aРожко
_bК. Г.
_gКонстантин Григорьевич
801 0 _aRU
_bРГБ
_c20140731
_gRCR
942 _cBOOK
980 _aNBR
980 _aNB